• 首页
  • 本馆介绍
  • 公告通知
  • 最新文献
  • 馆藏检索
  • 电子资源
  • 读者导购
  • 参考咨询
  • 我的图书馆
  • 登录
  • 详细信息显示
  • 放入我的书架
  • 预约/预借图书
  • 作者相关作品
  • 分类相关作品
  • 丛书相关作品
  • 出版社相关作品

书目信息

  • 表格格式
  • 工作单格式
  • 卡片格式
题名:
旅游规划与设计
    
 
作者: 吴必虎 主编 ;北京大学 主编
分册:   精品酒店
出版信息: 北京   中国建筑工业出版社  2012
页数: 131页
开本: 29cm
丛书名:
单 册:
中图分类: TU247.4 , F592.1
科图分类:
主题词: 建筑设计 , 旅游规划 , 饭店--建筑设计--研究--中国 , 饭店 , 旅游规划--研究--中国
电子资源:
ISBN: 978-7-112-14280-4
000 01242nam0 2200313 45
001 1355687780
005 20130515173519.67
010    @a978-7-112-14280-4@dCNY49.00
100    @a20130108d2012 em y0chiy50 ea
101 0  @achi
102    @aCN@b110000
105    @aa z 000yy
106    @ar
200 1  @a旅游规划与设计@ALu^ You Gui Hua Yu She Ji@i精品酒店@IJing Pin Jiu Dian@dTourism planning &38; design@iBoutique hotel@f吴必虎主编@FWu Bi Hu Zhu Bian@g北京大学旅游研究与规划中心主编@zeng
210    @a北京@c中国建筑工业出版社@d2012
215    @a131页@c彩图@d29cm
330    @a本书从理论讨论、案例分析、设计师视角以及顾客视角四方面介绍了旅游规划与饭店设计方面的知识。内容涵盖了:精品酒店与设计酒店在中国的发展态势综述;中国设计酒店的试验品:长城脚下的公社;精品酒店的特点及设计等。
510 1  @aTourism planning &38; design@iBoutique hotel@zeng
606 0  @a建筑设计
606 0  @a旅游规划
606 0  @a饭店@x建筑设计@x研究@y中国
606 0  @a饭店
606 0  @a旅游规划@x研究@y中国
690    @aTU247.4@v5
690    @aF592.1@v5
701  0 @a吴必虎@AWu Bi Hu@f(1962~)@4主编
712 02 @a北京大学@ABei Jing Da Xue@b旅游研究与规划中心@4主编
801    @aCN@bTANGWEI@c20130112
905    @b0831557-61@dTU247.4@e595@f5
    
    旅游规划与设计.精品酒店=Tourism planning &38; design.Boutique hotel/吴必虎主编/北京大学旅游研究与规划中心主编.-北京:中国建筑工业出版社,2012
    131页:彩图;29cm
    
    
    ISBN 978-7-112-14280-4:CNY49.00
    本书从理论讨论、案例分析、设计师视角以及顾客视角四方面介绍了旅游规划与饭店设计方面的知识。内容涵盖了:精品酒店与设计酒店在中国的发展态势综述;中国设计酒店的试验品:长城脚下的公社;精品酒店的特点及设计等。
●
相关链接 在E读中查询图书 在五车中查询图书 在当当中查询图书 在豆瓣中查询图书


正题名:旅游规划与设计     索取号:TU247.4/595         预约/预借

序号 登录号 条形码 馆藏地/架位号 状态 备注
1 0831557   208315571   第二样本阅览室/ [索取号:TU247.4/595] 在馆    
2 0831558   208315580   第三借阅区/ [索取号:TU247.4/595] 在馆    
3 0831559   208315599   第三借阅区/ [索取号:TU247.4/595] 在馆    
4 0831560   208315606   密集书库-资源管理系/ [索取号:TU247.4/595] 在馆    
5 0831561   208315615   第三借阅区/ [索取号:TU247.4/595] 在馆    
唐山师范学院图书馆 欢迎您!
大连网信软件有限公司© 版权所有